Influence Of Steel Fibers On Transfer And Development Length Of Pretensioning Wire / (رقم التسجيلة. 177258)

تفاصيل مارك
000 -LEADER
fixed length control field 01444namaa22003251i 4500
005 - أخر تعامل مع التسجيلة
control field 20260214151215.0
008 - FIXED-LENGTH DATA ELEMENTS--GENERAL INFORMATION
fixed length control field 260101s1996 ua a|||frm||| 000 0 eng d
040 ## - CATALOGING SOURCE
Original cataloguing agency EG-GICUC
Language of cataloging eng
Transcribing agency EG-GICUC
Modifying agency EG-GICUC
Description conventions rda
041 0# - LANGUAGE CODE
Language code of text/sound track or separate title eng
Language code of summary or abstract eng
-- ara
049 ## - Acquisition Source
Acquisition Source Deposit
097 ## - Degree
Degree M.Sc
099 ## - LOCAL FREE-TEXT CALL NUMBER (OCLC)
Local Call Number Cai01.13.05.M.Sc.1996.Su.I.
100 0# - MAIN ENTRY--PERSONAL NAME
Authority record control number or standard number Sulaiman Ibrahim Nassif,
Preparation preparation.
245 10 - TITLE STATEMENT
Title Influence Of Steel Fibers On Transfer And Development Length Of Pretensioning Wire /
Statement of responsibility, etc. By Sulaiman Ibrahim Nassif; Supervised By Dr. Ali Abdel Rahman, Dr. Wael Mohamed EL-Degwy, Dr. Adel Galal EL-Attar.
246 15 - VARYING FORM OF TITLE
Title proper/short title تأثير ألياف الصلب على طول النقل والتماسك للأسلاك السابقة الإجهاد
264 #0 - PRODUCTION, PUBLICATION, DISTRIBUTION, MANUFACTURE, AND COPYRIGHT NOTICE
Date of production, publication, distribution, manufacture, or copyright notice 1996.
300 ## - PHYSICAL DESCRIPTION
Extent 87 pages :
Other physical details illustrations ;
Dimensions 25 cm. +
336 ## - CONTENT TYPE
Source rda content
Content type term text
337 ## - MEDIA TYPE
Source rdamedia
Media type term Unmediated
338 ## - CARRIER TYPE
Source rdacarrier
Carrier type term volume
502 ## - DISSERTATION NOTE
Dissertation note Thesis (M.Sc.) -Cairo University,1996.
504 ## - BIBLIOGRAPHY, ETC. NOTE
Bibliography, etc. note Bibliography: pages 84-87.
653 #0 - INDEX TERM--UNCONTROLLED
Uncontrolled term Structural Engineering
700 0# - ADDED ENTRY--PERSONAL NAME
Personal name Ali Abdel Rahman
Relator term thesis advisor.
700 0# - ADDED ENTRY--PERSONAL NAME
Personal name Wael Mohamed EL-Degwy
Relator term thesis advisor.
700 0# - ADDED ENTRY--PERSONAL NAME
Personal name Adel Galal EL-Attar
Relator term thesis advisor.
900 ## - Thesis Information
Department Department of Structural Engineering
Faculties Faculty of Engineering
Universities Cairo University
Grant date 1996
Supervisory body Ali Abdel Rahman
-- Wael Mohamed EL-Degwy
-- Adel Galal EL-Attar
905 ## - Cataloger and Reviser Names
Cataloger Name Eman El gebaly
Reviser Names Nourhan
942 ## - ADDED ENTRY ELEMENTS (KOHA)
Source of classification or shelving scheme Dewey Decimal Classification
Koha item type Thesis
Edition 21
Suppress in OPAC No
المقتنيات
Source of classification or shelving scheme Home library Current library Date acquired Inventory number Full call number Barcode Date last seen Effective from Koha item type
Dewey Decimal Classification المكتبة المركزبة الجديدة - جامعة القاهرة مكتبة المئوية 01.01.2026 27558 Cai01.13.05.M.Sc.1996.Su.I. 01010110027558000 01.01.2026 01.01.2026 Thesis
Cairo University Libraries Portal Implemented & Customized by: Eng. M. Mohamady Contacts: new-lib@cl.cu.edu.eg | cnul@cl.cu.edu.eg
CUCL logo CNUL logo
© All rights reserved — Cairo University Libraries
CUCL logo
Implemented & Customized by: Eng. M. Mohamady Contact: new-lib@cl.cu.edu.eg © All rights reserved — New Central Library
CNUL logo
Implemented & Customized by: Eng. M. Mohamady Contact: cnul@cl.cu.edu.eg © All rights reserved — Cairo National University Library